[Event "IECG CP.2004.P.00028 email"]
[Site "IECG email"]
[Date "2004.10.01"]
[Round "?"]
[White "Bate, Gene"]
[Black "Garez, Dirk"]
[Result "0-1"]
[WhiteElo "1658"]
[BlackElo "1338"]
[PlyCount "42"]
[EventDate "2004.10.01"]
[EventType "tourn (corr)"]
[EventRounds "6"]
[SourceTitle "Corr 2011"]
[Source "ChessBase"]
[SourceDate "2010.08.31"]
[SourceVersion "1"]
[SourceVersionDate "2010.08.31"]
[SourceQuality "1"]

1. d4 Nf6 2. c4 g6 3. Nc3 Bg7 4. e4 d6 5. f3 c6 6. Be3 a6 7. Qd2 b5 8. 0-0-0 Qa5 9. e5 dxe5 10. dxe5 Nfd7 11. f4 b4 12. Ne4 f6 13. exf6 Nxf6 14. Nxf6+ Bxf6 15. Bd4 0-0 16. Bxf6 exf6 17. b3 Bf5 18. Nf3 Ra7 19. Be2 Re8 20. Rhe1 Rd7 21. Qb2 Re3 0-1

[Event "IECG CP.2002.P.00029 email"]
[Site "IECG email"]
[Date "2002.10.01"]
[Round "?"]
[White "Garez, Dirk"]
[Black "Fernandez Ramos, Antonio"]
[Result "1-0"]
[WhiteElo "800"]
[BlackElo "1043"]
[PlyCount "74"]
[EventDate "2002.10.01"]
[EventType "tourn (corr)"]
[EventRounds "6"]
[EventCountry "USA"]
[SourceTitle "Corr 2008"]
[Source "ChessBase"]
[SourceDate "2008.06.24"]
[SourceVersion "1"]
[SourceVersionDate "2008.06.24"]
[SourceQuality "1"]

1. e4 c5 2. Nc3 d6 3. d4 cxd4 4. Qxd4 Nc6 5. Qe3 Nf6 6. Bc4 e6 7. Nf3 a6 8. 0-0 Be7 9. Rd1 Bd7 10. a3 0-0 11. Qe2 Na5 12. e5 dxe5 13. Nxe5 Qc7 14. Nxd7 Nxd7 15. Bxe6 Nf6 16. Nd5 Nxd5 17. Bxd5 Rae8 18. Re1 Qd6 19. Qf3 Qf6 20. Bd2 Qxf3 21. Bxf3 Nc6 22. Be3 Bf6 23. c3 Re6 24. Bg4 Re4 25. f3 Re5 26. f4 Rb5 27. Re2 Rd8 28. Rae1 g6 29. Bf3 Rd3 30. Bf2 Kg7 31. Be4 Rd6 32. g4 h6 33. h4 Kg8 34. Kg2 Ne7 35. a4 Ra5 36. Bxb7 Nd5 37. Re4 Nc7 1-0

[Event "IECG CP.2001.P.00080"]
[Site "IECG email"]
[Date "2001.10.01"]
[Round "?"]
[White "Garez, Dirk"]
[Black "Wolff, Christoph"]
[Result "1/2-1/2"]
[WhiteElo "800"]
[BlackElo "2127"]
[PlyCount "49"]
[EventDate "2001.10.01"]
[EventType "tourn (corr)"]
[EventRounds "6"]
[SourceTitle "Corr 2008"]
[Source "ChessBase"]
[SourceDate "2008.06.24"]
[SourceVersion "1"]
[SourceVersionDate "2008.06.24"]
[SourceQuality "1"]

1. Nf3 c5 2. g3 Nf6 3. Bg2 Nc6 4. 0-0 d5 5. d4 e6 6. c3 Be7 7. dxc5 Bxc5 8. Bg5 0-0 9. Nbd2 Be7 10. Qc2 h6 11. Bxf6 Bxf6 12. e4 d4 13. cxd4 Nxd4 14. Nxd4 Qxd4 15. Nc4 b5 16. Na5 Qxb2 17. Qxb2 Bxb2 18. Rab1 Bc3 19. e5 Rb8 20. Nc6 Rb6 21. Rfc1 b4 22. a3 Bd7 23. Nxa7 Bxe5 24. axb4 Rfb8 25. Bc6 1/2-1/2

[Event "IECG CP.2001.P.00080"]
[Site "IECG email"]
[Date "2001.10.01"]
[Round "?"]
[White "Jelic, Milorad"]
[Black "Garez, Dirk"]
[Result "0-1"]
[WhiteElo "1656"]
[BlackElo "800"]
[PlyCount "103"]
[EventDate "2001.10.01"]
[EventType "tourn (corr)"]
[EventRounds "6"]
[SourceTitle "Corr 2008"]
[Source "ChessBase"]
[SourceDate "2008.06.24"]
[SourceVersion "1"]
[SourceVersionDate "2008.06.24"]
[SourceQuality "1"]

1. e4 c5 2. Nf3 d6 3. Bc4 Nf6 4. Nc3 e6 5. 0-0 Be7 6. d4 cxd4 7. Nxd4 0-0 8. Be3 Nxe4 9. Nxe4 d5 10. Bb3 dxe4 11. Qg4 Na6 12. Rad1 Qa5 13. Qxe4 Nc5 14. Qg4 Nxb3 15. axb3 Bf6 16. Ra1 Qc7 17. Nb5 Qxc2 18. Rfc1 e5 19. Qg3 Qxb2 20. Nc7 Be6 21. Nxa8 Rxa8 22. Rab1 Qa3 23. Bc5 Qa5 24. Bd6 e4 25. b4 Qd5 26. h3 Qd3 27. Rd1 Qxg3 28. Bxg3 h5 29. Rbc1 h4 30. Bf4 b5 31. Re1 a5 32. bxa5 Rxa5 33. Rxe4 Ra4 34. Rxa4 bxa4 35. Rc5 a3 36. Be5 Bd8 37. Kf1 a2 38. Ke2 f6 39. Ba1 Kf7 40. Kf3 g5 41. Ke2 f5 42. Kd3 Bb6 43. Rc2 Bd5 44. f3 Ke6 45. Rc1 Kd7 46. Bf6 Bc7 47. Kc3 Bf4 48. Rd1 Ke6 49. Bd4 g4 50. Kb2 gxh3 51. Re1+ Kd6 52. gxh3 0-1